Personal Property Security Law

Detalles Bibliográficos
Autor principal: Wood, Roderick J.
Otros Autores: Cuming, Ronald C.C, Walsh, Catherine
Formato: eBook
Lenguaje:inglés
Publicado: Toronto: Irwin Law Inc., 2022
Edición:Tercera Edicin̤
Colección:Irwin Books
Materias:
Acceso en línea:Acceso restringido

MARC

LEADER 00000nam a22000007a 4500
005 20220901224458.0
007 cr|||| ||||
008 220901s2022 ca |||||s|||| 00||0 eng d
020 |a 978-1-55221-629-3 
035 |a 37189 
040 |a vLex 
090 |c 13868  |d 13868 
100 1 |a Wood, Roderick J. 
245 1 0 |a Personal Property Security Law  |h [Recurso electrn̤ico] /  |c Roderick J. Wood, Ronald C.C. Cuming, Catherine Walsh 
250 |a Tercera Edicin̤ 
256 |a Servicio en ln̕ea 
260 |a Toronto:  |b Irwin Law Inc.,  |c 2022 
300 |a 1 recurso electrn̤ico 
490 0 |a Irwin Books 
500 |a This book examines the legal framework for secured credit set out in the Personal Property Security Act (PPSA). First proclaimed by Ontario in 1976, the PPSA is in force today in all nine common law provinces and the three federal territories. This third edition updates the area of personal property security law in Canada with new caselaw, and considers the important legislative amendments that have been recently introduced in several provinces. 
506 1 |a Disponible solo en los productos indicados  |d vLex Global  |d vLex Global (Academic Edition, excluding Law Schools)  |d vLex Global (U.S. Academic Edition, Law Schools)  |d vLex Global (U.S. Academic Edition, excluding Law Schools)  |d vLex Global (Academic Edition, Law Schools) 
650 0 4 |a Derecho Civil  |z Canad̀ 
700 1 |a Cuming, Ronald C.C. 
700 1 |a Walsh, Catherine 
740 0 |a vLex Libros (Servicio en ln̕ea) 
856 4 0 |u https://app.vlex.com/#/sources/37189  |z Acceso restringido 
942 |c BOOK 
999 0 |a Civil law